000 02074cam a2200325 4500500
005 20260111112225.0
041 _afre
042 _adc
100 1 0 _aAbram, Jan
_eauthor
245 0 0 _aL’« intégré paternel » et son rôle dans la situation analytique ,
260 _c2015.
500 _a100
520 _aWinnicott décrivait le père comme le premier objet total reconnu par l’enfant, un objet « intégré », transmis par le psychisme de la mère et nécessaire à la fois à la capacité de survivre de l’objet maternel et à l’intégration du self de l’enfant. L’auteur illustre cette fonction paternelle par le récit d’une analyse d’adulte empreinte de terreur, dont l’issue favorable n’a été possible que grâce à la fonction tierce de superviseurs.
520 _aIn Winnicott’s very late work he proposed that, in a “favorable case,” the father could be felt as a whole object in the newborn and he suggested naming this the “integrate”. In this essay the author extends this concept and proposes a “paternal integrate” which is psychically transmitted via the mind of the mother. Paralleling this theory with the analyzing situation the author illustrates how the “third” in the analyst’s mind, developed during analytic training, will activate the necessary paternal functioning concerning the analyst’s technique.
690 _aFormation des psychanalystes
690 _aObjet qui survit
690 _aTerreur
690 _aTiercéité
690 _aTravail analytique
690 _aUtilisation d’un objet
690 _aActivating paternal function
690 _aNon surviving object
690 _aPaternal integrate
690 _aPsychic change
690 _aPsychic survival
690 _aSurvival of the object
690 _aSurviving object
786 0 _nJournal de la psychanalyse de l'enfant | 5 | 2 | 2015-12-22 | p. 49-68 | 0994-7949
856 4 1 _uhttps://shs.cairn.info/revue-journal-de-la-psychanalyse-de-l-enfant-2015-2-page-49?lang=fr&redirect-ssocas=7080
999 _c1631903
_d1631903